000 00609nam a2200253Ia 4500
008 210210b2010 xxu||||| |||| 00| 0 eng d
020 _a9780307589743
041 _aeng
082 _a158.1 VUJL
100 _aVUJICIC (Nick)
245 _aLife without limits
_bInspiration for a ridiculously good life
260 _aColarado
_bWater Brook Press
_c2010
300 _ax,272
650 _awithout
650 _aridiculously
650 _alimits
650 _aLife
650 _aInspiration
650 _agood
650 _afor
650 _aa
690 _aApplied Psychology
906 _a067200
999 _c149569
_d149569